| 000 | 00548nam a22001937a 4500 | ||
|---|---|---|---|
| 003 | KOHA_MİRAKIL | ||
| 005 | 20250429172529.0 | ||
| 008 | 250429b tu ||||| |||| 00| 0 tur d | ||
| 020 | _a9786051140520 | ||
| 040 |
_aTR-AnABB _btur _cTR-AnABB |
||
| 041 | _atur | ||
| 082 |
_a297.758092 _bBEY 2009 |
||
| 100 | 1 | _aBeytur, Midhat Bahârî, | |
| 245 | 1 | 0 |
_aPîr aşkına / _cMidhat Bahârî Beytur |
| 260 |
_aİstanbul : _bTimaş Yayınları, _c2009 |
||
| 300 |
_a336 sayfa ; _c21 cm |
||
| 650 | 0 | 4 | _aTürk edebiyatı, roman |
| 942 |
_2ddc _cBK |
||
| 999 |
_c8871 _d8871 |
||
| 900 | _bGizem YORULMAZ | ||